000 00906cab a2200265 4500
001 ABS55077
008 090401t1996 xxu||||| |||| 00| 0 eng d
035 _a(Sirsi) u14014
041 _aeng
110 _aCity University Business School
_91363
245 4 _aThe variable value of property investment valuation reports
260 _c1996
350 _a0
490 _aCSM (Chartered Surveyor Monthly)
_v5(7) April 1996, 38-39(2)
520 _aLooks at the quality and consistency of final valuation reports, the study reveals that whilst most clients are satisfied there is still room for improvement.
650 _aCONSISTENCY
650 _aPROPERTY INVESTMENT
650 _aVALUATION ISSUES
650 _aVALUATION REPORTS
690 _aRATING AND VALUATION
710 _aUniversity of Reading
_93273
710 _aUniversity of Western Sydney
_92155
942 _n0
948 _c04/03/1997
999 _c9075
_d9075